000 00807nam a22002897a 4500
001 BR9805276
003 BR-BrBNA
005 20230928100109.0
007 ta
008 230509b bl.||||| |||| 00| 0 por d
040 _aBR-BrBNA
_bpor
_cBiblioteca Nacional de Agricultura
041 _a(Por)
072 _aE10
090 _ E10 BR9805276
110 1 _aGoverno do Estado de Pernambuco, Recife (Brasil). Secretaria de Agricultura
_95302
245 1 _aAgricultura de Pernambuco: uma visao de futuro
260 3 _aRecife, PE (Brasil):
_c1998.
300 _a120 p.
500 _a26 tables; 17 illus.; 12 ref.
650 _aAgricultura
650 _aPecuaria
650 _aEmprego
650 _aEconomia Agricola
650 _aPernambuco
909 _a202309
_bLucia
_c55
_dLucia Elande
942 _cBK
999 _c60318
_d60318